000 01525nam a2200325 4500
003 CO-CtgCURN
005 20250329165429.0
008 160531s2007 000 0 eng d
040 _aCO-CtgCURN
_bspa
_ccoctgcurn
082 0 _aENF 2007
_bM385
245 0 0 _aCalidad del programa de promocion y prevencion en crecimiento y desarrollo en niños menores de 10 años. CAP Boquilla corregimiento de Cartagena de Indias año 2007 /
_cSusy Martínez Figueroa ... [et al.] ; asesor, Andres Bedoya Ossa.
260 _aCartagena de Indias :
_bCorporación Universitaria Rafael Núñez,
_c2007.
300 _a108 h.
336 _2rdacontent
337 _2rdamedia
_asin mediacion
_bn
338 _2rdacarrier
_avolumen
_bnc
500 _aIncluye anexos.
502 _aTrabajo de grado (Enfermera (o)). Corporación Universitaria Rafael Nuñez. Facultad de Ciencias de la Salud. Programa de Enfermeria, 2007.
504 _aIncluye bibliografia.
590 _aEnfemeria
650 0 _aEnfermeria
_vTesis y disertaciones academicas.
700 1 _aMartínez Figueroa, Susy.
700 1 _aPinedo Menco, Tatiana.
700 1 _aSalas Fuentes, Kenia.
700 1 _aMiranda Zambrano, Monica.
700 1 _aBedoya Ossa, Andres.
856 7 _uhttps://unicurn.sharepoint.com/:b:/s/biblioteca/EQGZmmayjJJIo_PEggvUBO0Bm7wVdEDFY--SkosAuYTryQ?e=k98zkU
_zClick aqui para ver el recurso en texto completo
942 _hENF 2007
_iM385
_2ddc
_cTG
999 _c3723
_d3723